Screening and selection: The case of mammograms (Record no. 517629)

000 -LEADER
fixed length control field 01197nam a22001577a 4500
008 - FIXED-LENGTH DATA ELEMENTS--GENERAL INFORMATION
fixed length control field 210722b ||||| |||| 00| 0 eng d
100 ## - MAIN ENTRY--PERSONAL NAME
Personal name Einav, Liran et al
245 ## - TITLE STATEMENT
Title Screening and selection: The case of mammograms
260 ## - PUBLICATION, DISTRIBUTION, ETC. (IMPRINT)
Place of publication, distribution, etc The American Economic Review
300 ## - PHYSICAL DESCRIPTION
Extent 110(12), Dec, 2020: p.3836-3870
520 ## - SUMMARY, ETC.
Summary, etc We analyze selection into screening in the context of recommendations that breast cancer screening start at age 40. Combining medical claims with a clinical oncology model, we document that compliers with the recommendation are less likely to have cancer than younger women who select into screening or women who never screen. We show this selection is quantitatively important: shifting the recommendation from age 40 to 45 results in three times as many deaths if compliers were randomly selected than under the estimated patterns of selection. The results highlight the importance of considering characteristics of compliers when making and designing recommendations. – Reproduced
650 ## - SUBJECT ADDED ENTRY--TOPICAL TERM
Topical term or geographic name as entry element Health - Government policy, Health regulation, Public health
9 (RLIN) 27567
773 ## - HOST ITEM ENTRY
Main entry heading The American Economic Review
906 ## - LOCAL DATA ELEMENT F, LDF (RLIN)
Subject DIP HEALTH BEHAVIOUR
942 ## - ADDED ENTRY ELEMENTS (KOHA)
Item type Articles
Holdings
Withdrawn status Lost status Source of classification or shelving scheme Damaged status Not for loan Permanent location Current location Date acquired Serial Enumeration / chronology Barcode Date last seen Koha item type
          Indian Institute of Public Administration Indian Institute of Public Administration 2021-07-22 110(12), Dec, 2020: p.3836-3870 AR124905 2021-07-22 Articles

Powered by Koha